000 01542nam a22002897a 4500
001 1436
005 20230825082750.0
008 230825b cb ||||| |||| 00| 0 khr d
020 _a9789924340898
040 _aFISKH
_beng
_cFISKH
_dFISKH
082 _a641.665
100 _aVanthary, Oum
245 _aម៉ាក់ នោះមាន់អ្ហ៎ !
_cនិពន្ធដោយ អ៊ុំ វ័ណថារី - គូររូបដោយ សៀត សុភាព
250 _aបោះពុម្ពលើកទី ២ តុលា ២០២១
260 _aPhnom Penh :
_bSipar,
_c2021.
300 _a23 pages :
_bcolor illustrations ;
_c27 cm
490 _aតស់អាន!
505 _aJ
520 _aតីតីឃើញសត្វមួយនៅតាមផ្លូវ នាងក៏សួរទៅម្ដាយ ហើយគាត់ប្រាប់ថានោះគឺមាន់។ តែពេលដែលតីតី ឃើញសត្វស្លាបផ្សេងៗ នាងគិតថាពួកវាគឺជាមាន់ទាំងអស់។
520 _aTeytey saw an animal on the street. She asked her mother, her mother said it was a chicken. But when Teytey saw the birds, she thought they were all chickens.
521 _a500
_bLexile estimate
521 _aJ
_bRaz-Plus
650 _aមាន់
_vចាប
_xច្រឡំ
650 _aChicken
_vBirds
_xConfuse
700 _aSopheap, Siet
_cillustrations
942 _2ddc
_cBK
_n0
999 _c1436
_d1436